01085nam a22002537a 45000010005000000030006000050050017000110080041000280200017000690400029000861000029001152450125001442500013002692600010002823000050002924900024003425050009003665200327003755210030007025210020007326000024007526500022007767000033007983423FISKH20250612123805.0240304b cb ||||| |||| 00| 0 eng d a708431291270 aFISKHbengcFISKHdFISKH aValdes, Leslie eauthor  aDora goes to school /cadapted by Leslie Valdes ; based on the teleplay by Leslie Valdes ; illustratied by Robert Roper  aPZ7.V215 a813.6 a29 pages : bcolor illustrations ; c24 cm .  a Dora the Explorer  aJ  aDora the Explorer and Boots see their teacher riding her bike on the way to school. But the bike gets a flat tire, and the teacher needs to get to school before her students! Will Dora and Boots save the school day? Find out in this exciting interactive adventure. This Nickeolodeon Read-Along contains audio narration. .8 a500 bLexile estimate 8 aJ bRaz-Plus  2counting vFiction  aschool vFiction  aRoper, Robert eillustrator